Applied Business Research : Qualitative and Quantitative methods/ (Record no. 3622)

000 -LEADER
fixed length control field 01294cas a2200409 a 4500
001 - CONTROL NUMBER
control field 11386259
003 - CONTROL NUMBER IDENTIFIER
control field OSt
005 - DATE AND TIME OF LATEST TRANSACTION
control field 20161017165618.0
007 - PHYSICAL DESCRIPTION FIXED FIELD--GENERAL INFORMATION
fixed length control field t|
008 - FIXED-LENGTH DATA ELEMENTS--GENERAL INFORMATION
fixed length control field 860917c19859999coubr p 0 a0eng c
010 ## - LIBRARY OF CONGRESS CONTROL NUMBER
LC control number 91642754
Canceled/invalid LC control number sn 86026105
016 7# - NATIONAL BIBLIOGRAPHIC AGENCY CONTROL NUMBER
Record control number 010487989
Source Uk
020 ## - INTERNATIONAL STANDARD BOOK NUMBER
International Standard Book Number 9780471341260
035 ## - SYSTEM CONTROL NUMBER
System control number (OCoLC)ocm14227683
040 ## - CATALOGING SOURCE
Original cataloging agency InU
Language of cataloging eng
Transcribing agency InU
042 ## - AUTHENTICATION CODE
Authentication code pcc
-- nsdp
050 00 - LIBRARY OF CONGRESS CALL NUMBER
Classification number HD28.C38 2001
082 00 - DEWEY DECIMAL CLASSIFICATION NUMBER
Classification number 658/.005
Edition number 20
100 ## - MAIN ENTRY--PERSONAL NAME
Relator code Cavana, Y Rodgers
245 00 - TITLE STATEMENT
Title Applied Business Research : Qualitative and Quantitative methods/
260 ## - PUBLICATION, DISTRIBUTION, ETC. (IMPRINT)
Place of publication, distribution, etc Australia
Name of publisher, distributor, etc John Wiley & Sons Australia
Date of publication, distribution, etc 2001
300 ## - PHYSICAL DESCRIPTION
Extent xvi, 445. :
Other physical details ill. ;
Dimensions 28 cm.
362 0# - DATES OF PUBLICATION AND/OR SEQUENTIAL DESIGNATION
Dates of publication and/or sequential designation Vol. no. 1 (fall 1985)-
500 ## - GENERAL NOTE
General note Title from cover.
500 ## - GENERAL NOTE
General note Imprint varies.
515 ## - NUMBERING PECULIARITIES NOTE
Numbering peculiarities note Issues for fall 1985-winter 1986-1987 called Vol. no. 1-5 but constitute v. 1, no. 1-v. 3, no. 1.
530 ## - ADDITIONAL PHYSICAL FORM AVAILABLE NOTE
Additional physical form available note Also issued online.
590 ## - LOCAL NOTE (RLIN)
Local note SERBIB/SERLOC merged record
650 #0 - SUBJECT ADDED ENTRY--TOPICAL TERM
Topical term or geographic name as entry element Industrial management
Form subdivision Periodicals.
650 #0 - SUBJECT ADDED ENTRY--TOPICAL TERM
Topical term or geographic name as entry element Industrial management
General subdivision Econometric models
Form subdivision Periodicals.
700 ## - ADDED ENTRY--PERSONAL NAME
Relator code Robert Y Cavana
710 ## - ADDED ENTRY--CORPORATE NAME
Relator code Brian L Delahaye
711 ## - ADDED ENTRY--MEETING NAME
Relator code Uma Sekaran
906 ## - LOCAL DATA ELEMENT F, LDF (RLIN)
a 7
b cbc
c serials
d 3
e ncip
f 19
g n-oclcserc
942 ## - ADDED ENTRY ELEMENTS (KOHA)
Source of classification or shelving scheme
Koha item type Book
Holdings
Withdrawn status Lost status Source of classification or shelving scheme Damaged status Not for loan Home library Current library Shelving location Date acquired Total Checkouts Full call number Barcode Date last seen Copy number Price effective from Koha item type
          Riara University Library Riara University Library General stack 17/10/2016   HD28.C38 2001 7225/16 17/10/2016 C.1 17/10/2016 Book

Riara University Library,
P.O. Box 49940-00100,
Nairobi, Kenya.